000 00345 a2200145 4500
001 167127
020 _a
040 _cMagnum
100 _aSmole, Katia Stocco
240 1 0 _aBrincadeiras infantis nas aulas de matematica
_lpor
245 1 0 _aBrincadeiras infantis nas aulas de matematica
362 0 _a1899
697 _aENSINO
942 _cBK
999 _c167127
_d167127